The Boston concert

Hlavní autor: Svoboda, Milan, 1951 prosinec 10.-
Korporativní autor: Milan Svoboda Big Band
Další autoři: Milan Svoboda Quartet
Jazyk: Čeština
Vydáno: Praha : Panton, p1994
Témata:
Fyzický popis: 1 CD : AAD ; 12 cm + 1 složený list.
Zvukové nahrávky
Uloženo v:
LEADER 01211njm a2200349 a 4500
001 000291834
003 CZ BrMZK
005 19910101143423.0
008 950101s1994 xr f cze d
028 0 3 |a 81 1238-2 511  |b Panton 
040 |a BOA001  |b cze 
080 |a 784.4"198"(086.7)  |2 MRF 
100 1 |a Svoboda, Milan,  |d 1951 prosinec 10.-  |7 jn19990010004  |4 cmp 
245 1 4 |a The Boston concert  |h [zvukový záznam] /  |c Milan Svoboda. 
246 3 3 |a Okno dokořán 
246 3 3 |a Open the window wide 
246 3 3 |a Blíženci 
246 3 3 |a Gemini 
260 |a Praha :  |b Panton,  |c p1994 
300 |a 1 CD :  |b AAD ;  |c 12 cm +  |e 1 složený list. 
306 |a 011046 
500 |a Nahr. 1984 
500 |a Durata 70:46 
505 0 |a Open the window wide, Gemini. 
511 0 |a Milan Svoboda Quartet & Big Band 
653 0 |a big band  |a jazzová hudba  |a jazzové kvartety  |a sopránový saxofon  |a tenorový saxofon 
710 2 |a Milan Svoboda Big Band  |4 prf 
710 2 |a Milan Svoboda Quartet  |7 ko2003181187  |4 prf 
910 |a BOA001  |b CD-0002.425 
964 |a Hudba jazzová  |z stol.20.,léta 80.  |x CD 
990 |a AV 
996 6 |b 261H002458  |c CD-0002.425  |l MZK  |r Sklad / do 24 hodin  |n 0  |w 000291834  |u 000010  |a 1  |e BOA001  |j MZK50  |s P